BSOP header

Old Testament : (Record no. 55572)

MARC details
000 -LEADER
fixed length control field 00837nam a22002417a 4500
005 - DATE AND TIME OF LATEST TRANSACTION
control field 20260410103359.0
008 - FIXED-LENGTH DATA ELEMENTS--GENERAL INFORMATION
fixed length control field 260410b |||||||| |||| 00| 0 eng d
020 ## - INTERNATIONAL STANDARD BOOK NUMBER
International Standard Book Number 9786267233887
040 ## - CATALOGING SOURCE
Original cataloging agency BSOP
041 ## - LANGUAGE CODE
Language code of text/sound track or separate title chi
050 ## - LIBRARY OF CONGRESS CALL NUMBER
Classification number BS1151.2
100 ## - MAIN ENTRY--PERSONAL NAME
Linkage 880-1
Personal name Wenthe, Dean O.
245 ## - TITLE STATEMENT
Linkage 880-1
Title Old Testament :
Remainder of title Jeremiah, Lamentations {ch} /
Statement of responsibility, etc Dean O. Wenthe.
264 ## - PRODUCTION, PUBLICATION, DISTRIBUTION, MANUFACTURE STATEMENTS
Place of production, publication, distribution, manufacture Taipei City :
Name of producer, publisher, distributor, manufacturer <a href="Campus Evangelical Fellowship Press,">Campus Evangelical Fellowship Press,</a>
Date of production, publication, distribution, manufacture 2023.
300 ## - PHYSICAL DESCRIPTION
Extent xxii, 530p. :
Other physical details charts ;
Dimensions 26cm.
440 ## - SERIES STATEMENT/ADDED ENTRY--TITLE
Title Ancient Christian Commentary on Scripture
504 ## - BIBLIOGRAPHY, ETC. NOTE
Bibliography, etc Includes bibliographical references and indices.
650 ## - SUBJECT ADDED ENTRY--TOPICAL TERM
Topical term or geographic name as entry element Bible -- Jeremiah -- Commentaries {ch}.
650 ## - SUBJECT ADDED ENTRY--TOPICAL TERM
Topical term or geographic name as entry element Bible -- Lamentations -- Commentaries {ch}.
880 ## - ALTERNATE GRAPHIC REPRESENTATION
Linkage 245-1
a 耶利米書、耶利米哀歌
880 ## - ALTERNATE GRAPHIC REPRESENTATION
Linkage 100-1
a 迪恩‧溫特
942 ## - ADDED ENTRY ELEMENTS (KOHA)
Source of classification or shelving scheme Library of Congress Classification
Item type Books
Holdings
Withdrawn status Lost status Source of classification or shelving scheme Damaged status Not for loan Home library Current library Shelving location Date acquired Source of acquisition Serial Enumeration / chronology Inventory number Total Checkouts Full call number Barcode Date last seen Price effective from Koha item type Copy number
    Library of Congress Classification     BSOP Library BSOP Library Reference Chinese 09/11/2025 Logos XII C-15951   BS1151.2 An2-XII 00063379 04/10/2026 04/10/2026 Books  
    Library of Congress Classification     BSOP Library BSOP Library Reference Chinese 09/11/2025 Logos XII C-15950   BS1151.2 An2-XII 00063380 04/10/2026 04/10/2026 Books c.2
BSOP

Biblical Seminary of the Philippines
  All rights Reserved
  © 2024

CONTACT INFORMATION

Biblical Seminary of the Philippines,
  77-B Karuhatan Road, Valenzuela City,
  PHILIPPINES 1441
  Phone: +632 8292-6795 / 8292-6798
  Fax : +632 8292-6675
  Email: library@bsop.edu.ph